Prime Ministers of India - Statistics

General Stats
  • This quiz has been taken 9 times
  • The average score is 16 of 18
Answer Stats
Hint Answer % Correct
1998 - 2004 Bharatiya Janata Party Atal Bihari Vajpayee
100%
1996 Bharatiya Janata Party Atal Bihari Vajpayee
100%
1980 - 1984 Indian National Congress Indira Gandhi
100%
1966 - 1977 Indian National Congress Indira Gandhi
100%
1947 - 1964 Indian National Congress Jawaharlal Nehru
100%
2004 - 2014 Indian National Congress Manmohan Singh
100%
1977 - 1979 Janata Party Morarji Desai
100%
2014 - Bharatiya Janata Party Narendra Modi
100%
1990 - 1991 Samajwadi Janata Party (Rashtriya) Chandra Shekhar
88%
1979 - 1980 Janata Party (Secular) Charan Singh
88%
1996 - 1997 Janata Dal H.D. Deve gowda
88%
1964 - 1966 Indian National Congress Lal Bahadur Shastri
88%
1991 - 1996 Indian National Congress P.V. Narasimha Rao
88%
1984 - 1989 Indian National Congress Rajiv Gandhi
88%
1989 - 1990 Janata Dal V.P. Singh
88%
1997 - 1998 Janata Dal Inder Kumar Gujral
75%
1966 Indian National Congress Gulzarilal Nanda
63%
1964 Indian National Congress Gulzarilal Nanda
63%
No matching quizzes found
Score Distribution
Percent of People with Each Score
Percentile by Number Answered
Your Score History
You have not taken this quiz